00720 2200169 4500245007400000020002200074250001100096100001500107650001900122005001900141260004000160041001400200084000800214300001500222500030400237336000900541 aLatihan Singkat Bernegosiasi Jitu di Segala SituasicBrodow, EdhText a978-979-1275-95-8 aCet. 3 aBrodow, Ed aManajemen Umum a20231004135958 aJakartabSerambi Ilmu Semestac2008 aIndonesia a658 a259 hlm. : aBuku ini akan melatih pembaca keterampilan dasar yang dibutuhkan untuk menguasai seni negosiasi, yang lebih merinci akan membahas tentang mengalahkan rasa takut Anda konfrontansi; mengenal dan mengembangkan gaya negosiasi pribad Anda; menaksir kekuatan dan kelemahan pihak lain, dan lain sebagainya. atext